| 000 | 00620cam a2200145 4500500 | ||
|---|---|---|---|
| 005 | 20251012032459.0 | ||
| 041 | _afre | ||
| 042 | _adc | ||
| 100 | 1 | 0 |
_aLe Moing, Monique _eauthor |
| 245 | 0 | 0 | _aMatías Aires Ramos da Silva de Eça, De la vanité des hommes. Suivi d’une Lettre sur le bonheur, traduit du portugais par Claude Maffre, préface d’Eduardo Prado Coelho, Nantes, éditions Le Passeur-Cecofop, 1996. |
| 260 | _c2001. | ||
| 500 | _a98 | ||
| 786 | 0 | _nSigila | 8 | 2 | 2001-12-20 | p. 208-210 | 1286-1715 | |
| 856 | 4 | 1 | _uhttps://shs.cairn.info/revue-sigila-2001-2-page-208?lang=fr&redirect-ssocas=7080 |
| 999 |
_c1547431 _d1547431 |
||